Sports Quiz

Random Sports or Olympics Quiz

Olympic Sports Hangman Quiz Stats

 Plays Quiz not verified by Sporcle

Score 0/162 Timer 07:00
1 Play Today
Letter Sport % Correct
E4???
96.2%
U4???
95%
L4???
94.1%
G4???
93.9%
E5???
93.7%
4-LETTER???
93.5%
X4???
92.9%
Z4???
92.7%
Q4???
92.5%
V4???
92.5%
I6???
92.1%
O5???
91.6%
W4???
91.2%
O6???
90.6%
A7???
90.6%
A8???
90.6%
Y4???
90.2%
R5???
89.8%
N6???
89.8%
K4???
89.5%
I7???
89.3%
E9???
89.1%
J4???
88.7%
B6???
88.7%
G6???
88.7%
H4???
88.3%
S7???
87.9%
L7???
87.7%
N7???
87.7%
I9???
87.7%
U5???
87.5%
G7???
87.5%
X6???
87.4%
F4???
86.8%
6-LETTER???
86.4%
O9???
86.4%
S9???
86.4%
N8???
86.2%
B8???
86%
P4???
85.8%
7-LETTER???
85.8%
D8???
85.8%
L8???
85.6%
H8???
85.4%
8-LETTER???
84.7%
L9???
84.7%
Z7???
84.3%
X7???
84.1%
Z6???
83.5%
B9???
83.5%
Q7???
83.3%
G9???
83.3%
M4???
83.1%
V7???
83.1%
Letter Sport % Correct
Q8???
83%
Q5???
82%
C4???
81.8%
X8???
81.8%
J7???
81.6%
Y7???
81.6%
5-LETTER???
81.4%
Q6???
81.4%
H9???
81.4%
D4???
81.2%
Z8???
81.2%
B4???
80.8%
V8???
80.5%
9-LETTER???
80.1%
W7???
79.9%
N4???
79.7%
J8???
79.7%
F7???
79.3%
K8???
76.8%
Q9???
76.8%
Z9???
76.6%
W8???
76.4%
X9???
76.4%
P7???
76.2%
H7???
76.1%
J6???
75.5%
V6???
75.5%
K7???
75.5%
R4???
75.3%
Y6???
74.5%
F8???
74.5%
B7???
74.3%
T4???
74.1%
V9???
74.1%
J9???
73.4%
C7???
73%
D7???
72.6%
M7???
71.1%
Y8???
71.1%
Z5???
70.9%
H6???
70.3%
P8???
70.3%
K6???
70.1%
F9???
70.1%
S4???
69.9%
X5???
69.5%
K9???
69%
F6???
68%
Y9???
66.3%
W9???
65.7%
G8???
65.1%
U7???
64%
Y5???
62.8%
C8???
62.6%
Letter Sport % Correct
W6???
62.1%
P6???
61.3%
P9???
60.3%
R7???
59.8%
T7???
58.8%
V5???
58.2%
M8???
58%
C6???
56.7%
D6???
56.7%
J5???
54.2%
M9???
54%
M6???
52.9%
C9???
52.1%
O7???
51.9%
W5???
51.3%
I4???
51.1%
U6???
50.2%
O4???
49.2%
D9???
49.2%
L6???
48.1%
U8???
46.7%
F5???
45%
K5???
44.3%
U9???
44.3%
H5???
43.5%
R8???
41.2%
T6???
40%
O8???
39.8%
P5???
38.7%
T8???
37.5%
B5???
37.2%
R6???
36.2%
S6???
34.9%
D5???
34.1%
A4???
32.8%
I8???
32.8%
C5???
32.2%
M5???
31.8%
S8???
31.8%
G5???
30.3%
R9???
30.1%
T9???
28.5%
E8???
27%
T5???
26.1%
N5???
25.5%
L5???
25.1%
E7???
22.8%
S5???
21.8%
N9???
20.9%
I5???
16.3%
E6???
16.1%
A6???
14.8%
A9???
9.8%
A5???
9%

You're not logged in!

Compare scores with friends on all Sporcle quizzes.
OR
Log In

Sporcle TV

Today on Sporcle TV


Watch our educational content, quiz creation guides, and fun videos on Sporcle TV.

Show Comments

Extras

Top Quizzes Today


Score Distribution

Your Account Isn't Verified!

In order to create a playlist on Sporcle, you need to verify the email address you used during registration. Go to your Sporcle Settings to finish the process.

Report this User

Report this user for behavior that violates our Community Guidelines.

Details: